Quizzes
Events
Quiz Creation
Community
Videos
Private Events
Remove Ads
Sign In
Join for FREE
Feedback
Dark Mode
Quiz Categories
Sports
Geography
Music
Movies
Television
Just For Fun
Miscellaneous
History
Literature
Language
Science
Gaming
Entertainment
Religion
Holiday
For Kids
Quiz Lab
Recent
Popular Today
Quiz Kudos Today
Editor Picks
Curator Picks
Quizzes by...
Day
Popularity
Type
Ratings
Length
Year
Community
Subscriptions
Recent Discussions
Orange Saloon
Badges
Playlists
Quests
Create
Leaderboards
Showdown
Live 5
Trivia Bingo
Activity
Puzzle Library
Sporcle Events
Private Events
Virtual Trivia
Globe League
Become a Host
Pub Owners
SporcleCon
Opinionation
Our Games
Videos
Blog
Mobile Apps
Partnerships
Remove Ads and Go Orange
Feedback
Sports
Athletes
MLB
NBA
NHL
NFL
Soccer
Sports Teams
WWE
NCAA
Football
Premier League
Basketball
Baseball
Hockey
Golf
Tennis
Cricket
Rugby
Auto Racing
Olympics
World Cup
Sports
Athletes
MLB
NBA
NHL
NFL
Soccer
Sports Teams
WWE
NCAA
Football
Premier League
Basketball
Baseball
Hockey
Golf
Tennis
Cricket
Rugby
Auto Racing
Olympics
World Cup
Random Quiz
Search Sporcle
×
Quiz Lab
Quiz Lab
Sports
Football
Type in answers that appear in a list
Type in answers that appear in a list
Classic
Best Score? Go Orange.
League Cup Semifinalists Stats
Can you name the League Cup Semifinalists ?
By
0LL13
10m
96 Questions
96 Plays
96 Plays
96 Plays
Comments
Comments
Give Quiz Kudos
Give Quiz Kudos
-
- Ratings
hide this ad
More Info
Replay
Link that replays current quiz
Next Quiz
Link to next quiz in quiz playlist
You Got
0%
They Got
Avg Score
78%
Avg Friend Score
Upgrade to see
Score Distribution
Jump to the score distribution portion of the page
Score
0/96
Timer
10:00
0
Plays Today
Round Reached and Year
Team
% Correct
Semifinalist 2013
Chelsea
99%
Winners 2012
Liverpool
99%
Runner Up 2008
Chelsea
99%
Winners 2007
Chelsea
99%
Winners 2005
Chelsea
99%
Runner Up 2005
Liverpool
99%
Winners 2003
Liverpool
99%
Semifinalist 2002
Chelsea
99%
Winners 2001
Liverpool
99%
Winners 1998
Chelsea
99%
Semifinalist 1998
Liverpool
99%
Winners 1995
Liverpool
99%
Semifinalist 2012
Manchester City
97.9%
Winners 2010
Manchester United
97.9%
Semifinalist 2010
Manchester City
97.9%
Winners 2009
Manchester United
97.9%
Winners 2006
Manchester United
97.9%
Semifinalist 2005
Manchester United
97.9%
Runner Up 2003
Manchester United
97.9%
Runner Up 1994
Manchester United
97.9%
Runner Up 2016
Liverpool
97.6%
Winners 2015
Chelsea
97.6%
Semifinalist 2015
Liverpool
97.6%
Runner Up 2009
Tottenham Hotspur
96.9%
Winners 2008
Tottenham Hotspur
96.9%
Semifinalist 2007
Tottenham Hotspur
96.9%
Runner Up 2002
Tottenham Hotspur
96.9%
Winners 1999
Tottenham Hotspur
96.9%
Winners 2013
Swansea City
95.8%
Semifinalist 2013
Aston Villa
95.8%
Runner Up 2011
Arsenal
95.8%
Runner Up 2010
Aston Villa
95.8%
Round Reached and Year
Team
% Correct
Semifinalist 2008
Everton
95.8%
Semifinalist 2008
Arsenal
95.8%
Runner Up 2007
Arsenal
95.8%
Semifinalist 2006
Arsenal
95.8%
Semifinalist 2004
Aston Villa
95.8%
Semifinalist 2004
Arsenal
95.8%
Semifinalist 2000
Aston Villa
95.8%
Semifinalist 1998
Arsenal
95.8%
Winners 1996
Aston Villa
95.8%
Semifinalist 1996
Arsenal
95.8%
Winners 1994
Aston Villa
95.8%
Winners 1993
Arsenal
95.8%
Runner Up 2014
Sunderland
95.1%
Runner Up 2015
Tottenham Hotspur
95.1%
Winners 2014
Manchester City
95.1%
Winners 2016
Manchester City
95.1%
Semifinalist 2014
Manchester United
95.1%
Winners 2004
Middlesbrough
92.7%
Winners 2000
Leicester City
92.7%
Runner Up 1999
Leicester City
92.7%
Semifinalist 1999
Sunderland
92.7%
Runner Up 1998
Middlesbrough
92.7%
Winners 1997
Leicester City
92.7%
Runner Up 1997
Middlesbrough
92.7%
Semifinalist 2016
Everton
92.7%
Semifinalist 2014
West Ham United
90.2%
Runner Up 2012
Cardiff City
89.6%
Winners 2011
Birmingham City
88.5%
Runner Up 2001
Birmingham City
88.5%
Semifinalist 1996
Birmingham City
88.5%
Semifinalist 2010
Blackburn Rovers
87.5%
Semifinalist 2006
Blackburn Rovers
87.5%
Round Reached and Year
Team
% Correct
Semifinalist 2003
Blackburn Rovers
87.5%
Winners 2002
Blackburn Rovers
87.5%
Runner Up 1996
Leeds United
87.5%
Semifinalist 1993
Blackburn Rovers
87.5%
Semifinalist 2011
West Ham United
86.5%
Runner Up 2013
Bradford City
83.3%
Runner Up 2004
Bolton Wanderers
83.3%
Semifinalist 2000
Bolton Wanderers
83.3%
Semifinalist 2015
Sheffield United
82.9%
Runner Up 2006
Wigan Athletic
82.3%
Semifinalist 2002
Sheffield Wednesday
82.3%
Semifinalist 2003
Sheffield United
81.3%
Semifinalist 2009
Derby County
79.2%
Semifinalist 2012
Crystal Palace
75%
Semifinalist 2001
Crystal Palace
75%
Semifinalist 1995
Crystal Palace
75%
Semifinalist 1993
Crystal Palace
75%
Semifinalist 2011
Ipswich Town
70.8%
Semifinalist 2001
Ipswich Town
70.8%
Semifinalist 2009
Burnley
68.8%
Semifinalist 2005
Watford
68.8%
Runner Up 2000
Tranmere Rovers
57.3%
Semifinalist 1994
Tranmere Rovers
57.3%
Semifinalist 1999
Wimbledon
54.2%
Semifinalist 1997
Wimbledon
54.2%
Semifinalist 2007
Wycombe Wanderers
37.5%
Semifinalist 1994
Sheffield Wednesday
30.2%
Runner Up 1993
Sheffield Wednesday
30.2%
Semifinalist 2016
Stoke City
24.4%
Runner Up 1995
Bolton Wanderers
16.7%
Semifinalist 1997
Stockport County
14.6%
Semifinalist 1995
Swindon Town
4.2%
Quiz Playlist
Details
Report
Send in Message
Add To Playlist
More Info:
Do you know who made the Semifinals for the League Cup since 1992?
Classic:
Type in answers that appear in a list
Last Updated: Feb 16, 2017
Quiz Scoreboard
CHALLENGE
Sign Up to Join the Scoreboard
Show All
Scores
Hide
Comments
May contain spoilers
Recently Published
9x9 Crossword: Cartoon Network
by jackfrog10
Miscellaneous
3m
College Basketball Coaching Resumes
by pancakes188
Sports
9m
Billboard Blitz: Fleetwood Mac
by CooCooCachoo
Music
15s
More to Explore
Quiz From the Vault
Featured Blog Post
Where Did the Easter Bunny Come From?
hide this ad
You Might Also Like...
Tags
Football Quiz
Soccer Quiz
cup
English Football
semifinalist
Today's Top Quizzes in Sports
Browse Sports
hide this ad
Today's Top Quizzes in Football
Browse Football
Top Contributed Quizzes in Sports
1
2022 World Cup Stars
2
Les meilleurs buteurs des matchs entre le PSG et l’OM
3
FIFA Club World Cup Champions
4
Les entraîneurs de l'OM et du PSG au 21e siècle
5
Criteria MLB: Left Handed Sluggers
6
2023 MLB Unique Player Accomplishments
7
AFC Teams Reveal (Wrong Answers Minefield)
8
Players with Multiple 50 Home Run Seasons
9
5-to-1: FBS Animal Nicknames
10
5-to-1: UK Sports Teams
Explore More
Trending Topics
Disney
Crossword
NBA
Kpop
Anime
Harry Potter
Marvel
The Office
Pokémon
Puzzle
Country
Soccer
Song
WWE
NFL
hide this ad
More By:
0LL13
Quiz
Plays
Rating
Category
Featured
Created
Capitals of Europe in 1914
112,259
4.68
History
Sep 8, 2013
English Football Rivalries
519
5.00
Sports
Jul 22, 2013
Premier League Table since 1992
251
5.00
Sports
Jul 22, 2013
International Football Rivalries
195
Sports
Jul 22, 2013
A-Z Rugby League Challenge Cup Winners
188
5.00
Sports
Sep 2, 2013
Go to Creator's Profile
Score Distribution
Quiz Creator Spotlight
0LL13
Follow
Send a Message
Quizzes Created
-
Created Quiz Play Count
-
More By This Creator
Popular Quizzes Today
1
Find the US States - No Outlines Minefield
2
Find the Countries of Europe - No Outlines Minefield
3
The Countries of the World
4
Find the US States
5
Risky Map Clicking: Biggest States A-Z
6
US States
7
Popular People in 1961
8
Movies - When Are They Set?
More Sports Quizzes
Willian's Winning XI's against Manchester United
Quiz Lab
Trending Quizzes
Risky Map Clicking: Least Populous States A-Z
1-10 Letter G Words
Risky Map Clicking: Next State Alphabetically
Adjectives in 80s TV Shows
The Seven Year Switch: Catherine
Recently Updated
Leaping Animals
pecheneg
Reality TV Shows (A-Z)
bhenderson79
Rickey Henderson's Hall of Fame Teammates
pecheneg
Champions League XIs: Arsenal
pecheneg
Quick Pick: Celebrities in WWE's Hall of Fame
aduchscher
A-Z Keypad Blitz II
pecheneg
Multiple Oscar Actors
pecheneg
Mystery Phrase Blitz: Oscar 'Best Actors'
pecheneg
F. Scott Fitzgerald Novels
LTH
Pick 3 Villains
ddd62291
Trending Topics
Kpop
Crossword
Anime
Disney
Marvel
Harry Potter
NBA
The Office
Pokémon
Soccer
Country
NFL
WWE
Puzzle
Song
Your Account Isn't Verified!
In order to create a playlist on Sporcle, you need to verify the email address you used during registration. Go to your
Sporcle Settings
to finish the process.
Report this User
Report this user for behavior that violates our
Community Guidelines
.
Details:
Send Report
Go to the Sporcle.com Mobile Site →
Comments